000
00316 a2200109 4500
001
ART_18840
005
20260410161703.0
008
260409a
245
1
0
_a
La exportación de servicios medicos en el IVA
100
1
_a
Oklander, Juan
773
0
_t
Revista Impuestos
_g
- Nº 8 (ago. 2011)
_w
REV639
999
_c
15380
_d
15380